23時以降に新幹線が発車する駅サドンデス - Statistics

General Stats
  • This quiz has been taken 38 times
  • The average score is 3 of 12
Answers on the Grid
Answers color-coded by a green-red scale on the quiz's grid according to % correct below.
新函館北斗
新青森
盛岡
仙台
郡山
小山
東京
静岡
名古屋
新大阪
岡山
広島
新山口
博多
熊本
鹿児島中央
長崎
敦賀
金沢
富山
長野
新潟
米沢
大曲
 
Answer Stats
Answer % Correct
小山
45%
新大阪
39%
富山
39%
岡山
32%
博多
32%
静岡
29%
大曲
26%
郡山
23%
熊本
19%
金沢
19%
鹿児島中央
16%
長崎
13%
No matching quizzes found
Score Distribution
Percent of People with Each Score
Percentile by Number Answered
Your Score History
You have not taken this quiz